Typové štruktúry a produkčné parametre bonitných plodín v SSR príloha č. 1

Saved in:
Bibliographic Details
Format: Book
Language:Slovak
Published: Bratislava Výskumný ústav ekonomiky poľnohospodárstva a potravinárstva 1984
Tags: Add Tag
No Tags, Be the first to tag this record!

MARC

LEADER 00000nam a2200000 4500
001 c106900
005 20221128071420.9
041 0 |a slo 
044 |a SK 
245 1 0 |a Typové štruktúry a produkčné parametre bonitných plodín v SSR  |b príloha č. 1 
264 1 |a Bratislava  |b Výskumný ústav ekonomiky poľnohospodárstva a potravinárstva  |c 1984 
300 |a 59 s.